<?xml version="1.0" encoding="UTF-8"?>
<collection xmlns="http://www.loc.gov/MARC21/slim">
<record>
  <controlfield tag="001">3694</controlfield>
  <controlfield tag="005">20190114113821.0</controlfield>
  <datafield tag="037" ind1=" " ind2=" ">
    <subfield code="a">SEMIN-2019-0002</subfield>
  </datafield>
  <datafield tag="100" ind1=" " ind2=" ">
    <subfield code="a">Deproost, Marie-Hélène</subfield>
  </datafield>
  <datafield tag="245" ind1=" " ind2=" ">
    <subfield code="a">COME-IN Meeting</subfield>
  </datafield>
  <datafield tag="260" ind1=" " ind2=" ">
    <subfield code="c">2016</subfield>
  </datafield>
  <datafield tag="269" ind1=" " ind2=" ">
    <subfield code="c">2016-03-18</subfield>
  </datafield>
  <datafield tag="536" ind1=" " ind2=" ">
    <subfield code="a">BR/</subfield>
    <subfield code="c">143/</subfield>
    <subfield code="f">A2/COME-IN</subfield>
  </datafield>
  <datafield tag="594" ind1=" " ind2=" ">
    <subfield code="a">NO</subfield>
  </datafield>
  <datafield tag="773" ind1=" " ind2=" ">
    <subfield code="t">University of Liege, Department of Geology</subfield>
  </datafield>
  <datafield tag="856" ind1="0" ind2=" ">
    <subfield code="f">marie-helene.deproost@observatoire.be</subfield>
  </datafield>
  <datafield tag="856" ind1="4" ind2=" ">
    <subfield code="s">1592989</subfield>
    <subfield code="u">http://publi2-as.oma.be/record/3694/files/COME-IN-2016.pdf</subfield>
    <subfield code="y">COME-IN Annual Meeting 2016</subfield>
  </datafield>
  <datafield tag="856" ind1="4" ind2=" ">
    <subfield code="s">10162</subfield>
    <subfield code="u">http://publi2-as.oma.be/record/3694/files/COME-IN-2016.gif?subformat=icon</subfield>
    <subfield code="x">icon</subfield>
    <subfield code="y">COME-IN Annual Meeting 2016</subfield>
  </datafield>
  <datafield tag="856" ind1="4" ind2=" ">
    <subfield code="s">8144</subfield>
    <subfield code="u">http://publi2-as.oma.be/record/3694/files/COME-IN-2016.jpg?subformat=icon-180</subfield>
    <subfield code="x">icon-180</subfield>
    <subfield code="y">COME-IN Annual Meeting 2016</subfield>
  </datafield>
  <datafield tag="980" ind1=" " ind2=" ">
    <subfield code="a">SEMIN</subfield>
  </datafield>
</record>
</collection>